000 01034nam a22003017a 4500
003 CHAP
005 20220329135713.0
008 971013s1983 r 00010 d
010 _a40823
011 _a41795
035 _a45921
040 _cCHAP
090 _aTesis
100 0 0 _aFlores Sepúlveda, Gabriel Gerardo.
_941740
245 _aMétodo modificado para la obtención de monolitos de suelo a plena escala representativos del campo experimental de la F.A.V.A.N.L.
260 _aMarín, N.L. :
_bEl autor,
_c1983
300 _a90 h.
_b: ilus.
502 _aTesis (Ing. Agr. Esp. en Fitotecnia) -- VANL. Fac. de Agronomía
590 _aALEPH
_b10
_c20130110
_lUCH01
_h1309
590 _aBATCH-UPD
_b10
_c20130110
_lUCH01
_h2223
590 _aBATCH-UPD
_b10
_c20130410
_lUCH01
_h1520
590 _aBATCH-UPD
_b10
_c20130914
_lUCH01
_h1953
590 _aCONVERSION
_b10
_c20130109
_lUCH01
_h1323
650 1 4 _aSuelos
_xNuevo León.
_9110453
901 _aBK
942 _cTESIS
949 _bBC
_cTES
_d-104741
_eTS1
_h18717
_i45921
_si
999 _c40823
_d40823